000 00455cam a2200169ua 4500
020 _c12.00
041 _aeng
_h
082 _a823.308
_bDIC/PE
100 _aDickens, Charles.
245 _aPersonal history and experience of David Copperfield the younger /
_cCharles Dickens.
_hTextual Documents
260 _aLondon :
_bMcMillon & Co Ltd ,
_c1962.
300 _a814 ; .
365 _a12.00
504 _a
942 _cBK
999 _c6840
_d6840